Welcome to CU Library Online Public Access Catalogue (OPAC)

Technology should seek tradition : (Record no. 6644)

MARC details
000 -LEADER
fixed length control field 01272cam a2200313 a 4500
001 - CONTROL NUMBER
control field 17446827
003 - CONTROL NUMBER IDENTIFIER
control field cu123
005 - DATE AND TIME OF LATEST TRANSACTION
control field 20250623172252.0
008 - FIXED-LENGTH DATA ELEMENTS--GENERAL INFORMATION
fixed length control field 120830s2011 gh ab b 001 0 eng
010 ## - LIBRARY OF CONGRESS CONTROL NUMBER
LC control number 2012311787
020 ## - INTERNATIONAL STANDARD BOOK NUMBER
International Standard Book Number 9789964303822
040 ## - CATALOGING SOURCE
Original cataloging agency DLC
Transcribing agency DLC
Modifying agency DLC
042 ## - AUTHENTICATION CODE
Authentication code lcode
-- pcc
043 ## - GEOGRAPHIC AREA CODE
Geographic area code f-gh---
050 00 - LIBRARY OF CONGRESS CALL NUMBER
Classification number HD1476.G4
Item number B46 2011
100 1# - MAIN ENTRY--PERSONAL NAME
Personal name Benneh, George.
245 10 - TITLE STATEMENT
Title Technology should seek tradition :
Remainder of title studies on traditional land tenure and small holder farming systems in Ghana /
Statement of responsibility, etc. George Benneh with Raymond Bagulo Bening.
260 ## - PUBLICATION, DISTRIBUTION, ETC.
Place of publication, distribution, etc. Accra :
Name of publisher, distributor, etc. Ghana Universities Press ;
Place of publication, distribution, etc. Oxford [UK] :
Name of publisher, distributor, etc. Distributed in Europe and North America by African Books Collective,
Date of publication, distribution, etc. 2011.
300 ## - PHYSICAL DESCRIPTION
Extent xx, 267 p. :
Other physical details ill., maps ;
Dimensions 22 cm.
504 ## - BIBLIOGRAPHY, ETC. NOTE
Bibliography, etc. note Includes bibliographical references and index.
650 #0 - SUBJECT ADDED ENTRY--TOPICAL TERM
Topical term or geographic name entry element Land tenure
Geographic subdivision Ghana.
650 #0 - SUBJECT ADDED ENTRY--TOPICAL TERM
Topical term or geographic name entry element Farms, Small
Geographic subdivision Ghana.
650 #0 - SUBJECT ADDED ENTRY--TOPICAL TERM
Topical term or geographic name entry element Agricultural innovations
Geographic subdivision Ghana.
700 1# - ADDED ENTRY--PERSONAL NAME
Personal name Bening, R. Bagulo.
856 41 - ELECTRONIC LOCATION AND ACCESS
Materials specified Table of contents only
Uniform Resource Identifier <a href="http://www.loc.gov/catdir/toc/fy13pdf06/2012311787.html">http://www.loc.gov/catdir/toc/fy13pdf06/2012311787.html</a>
906 ## - LOCAL DATA ELEMENT F, LDF (RLIN)
a 7
b cbc
c origode
d 3
e ncip
f 20
g y-gencatlg
942 ## - ADDED ENTRY ELEMENTS (KOHA)
Source of classification or shelving scheme Library of Congress Classification
Koha item type Books
Suppress in OPAC No
Holdings
Withdrawn status Lost status Source of classification or shelving scheme Damaged status Not for loan Collection Home library Current library Shelving location Date acquired Total checkouts Full call number Barcode Date last seen Copy number Price effective from Koha item type
    Library of Congress Classification     Non-fiction Business Library (Miotso) Business Library (Miotso) General stacks 03/18/2026   HD1476 .G4B46 BEN BSSM00002939 03/18/2026 1 03/18/2026 Books
    Library of Congress Classification     Non-fiction Graduate Library (Christ Temple) Graduate Library (Christ Temple) General stacks 06/23/2025   HD 1476.G4B46 BEN GSCT00001640 06/23/2025 1 06/23/2025 Books
© 2023-2024 Copyright: Central University Libraries. All Rights Reserved | Created by: Mahone Tech Office